000 00538nam a2200169Ia 4500
008 090711s9999 xx 000 0 und d
082 _b30563
100 _aबेडेकर विश्राम
245 _aवाजे पाऊल आपुले
260 _c1971
300 _a80
600 _aबेडेकर विश्राम
630 _aवाजे पाऊल आपुले
700 _aबेडेकर विश्राम
730 _aवाजे पाऊल आपुले
942 _cBOOK
999 _c329856
_d329856